000 00844cab a2200217 4500
001 WB2819-25
008 090401t1992 xxu||||| |||| 00| 0 eng d
035 _a(Sirsi) u7166
041 _aeng
245 _aLondon office projects fail to get go-ahead
260 _c1992
350 _a0
490 _aNew Builder
_v(128) 7 May 1992, 12(2)
520 _aMore than half the major office schemes planned for central London have not been given a start date for construction, according to a survey. Figures compiled by Applied Property Research show that 40 of the 75 major office schemes planned for the capital are yet to get the go-ahead from their developers.
650 _aCENTRAL LONDON
650 _aNEW BUILDER SURVEY
650 _aOFFICE DEVELOPMENT
690 _aPROPERTY-PROPERTY DEVELOPMENT
942 _n0
948 _c04/03/1997
999 _c4289
_d4289